000 00466nam a2200181Ia 4500
001 2302
005 20260306144757.0
008 260306t2015||||xx |||||||||||||| ||spa||
041 _aESP
082 _a616.858
_bE372
100 _aEscribano Ruiz, Flor
_eAUT
245 0 _aTrastornos de personalidad:
_bbases clínicas y práctica profesional
260 _c2015
300 _a149 páginas :
_c23 cm.
650 _aGEN
654 _aCPS
942 _cLIB
_dJUS
_fJUS
_2ddc
_n
999 _c2302
_d2302